| 000 | 01081cam a22003134a 4500 | ||
|---|---|---|---|
| 001 | 14750321 | ||
| 003 | OSt | ||
| 005 | 20230306113310.0 | ||
| 008 | 070227s2006 maua b 001 0 eng | ||
| 010 | _a 2007272130 | ||
| 020 | _a9780240808727 | ||
| 040 |
_aDLC _cDLC _dDLC |
||
| 050 | 0 | 0 |
_aHE8689.4 _b.P75 2006 |
| 100 | 1 | _aPringle, Peter K. | |
| 245 | 1 | 0 |
_aElectronic media management / _cPeter K. Pringle, Michael F. Starr. |
| 250 | _a5th ed. | ||
| 260 |
_aBurlington, MA : _bFocal Press, _c2006. |
||
| 300 |
_axv, 415 p. _bill. |
||
| 504 | _aIncludes bibliographical references (p. 391-400) and index. | ||
| 650 | 0 |
_aBroadcasting _xManagement. |
|
| 650 | 0 |
_aTelevision stations _xManagement. |
|
| 650 | 0 |
_aRadio stations _xManagement. |
|
| 700 | 1 |
_aStarr, Michael F., _d1940- |
|
| 700 | 1 |
_aMcCavitt, William E., _d1932- |
|
| 856 | 4 | 2 |
_3Publisher description _uhttp://www.loc.gov/catdir/enhancements/fy0708/2007272130-d.html |
| 906 |
_a7 _bcbc _corigcop _d3 _encip _f20 _gy-gencatlg |
||
| 942 |
_2lcc _cBK |
||
| 999 |
_c20018 _d20017 |
||